| 000 | 00554nam a2200181Ia 4500 | ||
|---|---|---|---|
| 003 | OSt | ||
| 005 | 20260325105122.0 | ||
| 008 | 211028s2006 xx 000 0 und d | ||
| 040 | _cAIMIT LIBRARY | ||
| 041 | _aeng | ||
| 082 | _a658.3 BATP | ||
| 100 |
_aBatagi, Paris R;Kamath, T Ramesh. _g40911105 _95596 |
||
| 245 | _aA study organization study with special reference to budgetary control system / | ||
| 260 |
_bKamath, T Ramesh _c2006 |
||
| 600 |
_aHuman Resource Management _95597 |
||
| 650 |
_aHuman Resource Management _95598 |
||
| 942 |
_2ddc _cPRO |
||
| 999 |
_c217957 _d217957 |
||